000 00329nam a2200133Ia 4500
008 240624s9999 xx 000 0 und d
041 _aeng
082 _a823 TIF
100 _aTIFFANY JOHN
245 _aHARRY POTTER AND THE CURSED CHILD
260 _c2016
_aLondon
_bLittle Brown
300 _a343 : p. : cm. ; 28
365 _cRS
999 _c28084
_d28084